Anorectal surgery
Guardat en:
| Autor principal: | |
|---|---|
| Format: | Llibre |
| Idioma: | anglès |
| Publicat: |
Jaypee Brothers Medicals
2013
|
| Etiquetes: |
Afegir etiqueta
Sense etiquetes, Sigues el primer a etiquetar aquest registre!
|
MARC
| LEADER | 00000nam a22000007a 4500 | ||
|---|---|---|---|
| 008 | 231222b |||||||| |||| 00| 0 eng d | ||
| 020 | |a 9789350257197 | ||
| 100 | |a KUKREJA, Ajit Naniksingh | ||
| 245 | |a Anorectal surgery |c Ajit Naniksingh Kukreja |g xvii, 526:Iill | ||
| 260 | |b Jaypee Brothers Medicals |c 2013 |h New Delhi |i 700676 |i 700677 |l RD544.K95 |m Anus- surgery |m Rectum- Surgery | ||
| 500 | |a it includes index | ||
| 942 | |a lcc |c BK |e Johnson |f 22/12/23 | ||
| 952 | |0 0 |1 0 |2 lcc |4 0 |6 RD0544 K95 |7 0 |9 4707 |a HE |b HOL |c QZ |d 2023-12-22 |l 0 |o RD544.K95 |p 2023-0620 |r 2023-12-22 00:00:00 |t 700676 |w 2023-12-22 |y BK | ||
| 952 | |0 0 |1 0 |2 lcc |4 0 |6 RD0544 K95 |7 0 |9 4708 |a HOL |b HOL |c QZ |d 2023-12-22 |l 0 |o RD544.K95 |p 2023-0621 |r 2023-12-22 00:00:00 |t 700677 |w 2023-12-22 |y BK | ||
| 999 | |c 2360 |d 2360 | ||